Evolutionary approach to animal behavior (Registro nro. 13010)

Detalles MARC
000 -CABECERA
Campo de control 004570000a22001690004500
090 ## - CLASIFICACIÓN LOCAL
Colección AR
Consecutivo 03976
041 0# - IDIOMA
Código de idioma para texto/pista de sonido o título separado
245 10 - MENCION DE TITULO
Título Evolutionary approach to animal behavior
260 ## - PUBLICACION, DISTRIBUCION, ETC. (PIE DE IMPRENTA)
Fecha de publicación, distribución, etc. [199?]
300 ## - DESCRIPCION FISICA
Extensión 1-23
650 14 - ASIENTO SECUNDARIO DE MATERIA - TERMINO TEMATICO
Término temático o nombre geográfico como elemento de entrada Etología
650 14 - ASIENTO SECUNDARIO DE MATERIA - TERMINO TEMATICO
Término temático o nombre geográfico como elemento de entrada Evolución
650 14 - ASIENTO SECUNDARIO DE MATERIA - TERMINO TEMATICO
Término temático o nombre geográfico como elemento de entrada Adaptación biológica
650 14 - ASIENTO SECUNDARIO DE MATERIA - TERMINO TEMATICO
Término temático o nombre geográfico como elemento de entrada Selección natural
773 1# - Item fuente:
Título In Alcock, J./ Animal Behavior
Datos de la serie an Evolutionary Approach
942 ## - ELEMENTOS ADICIONALES (KOHA)
Tipo de ítem Artículo
Existencias
Withdrawn status Lost status Damaged status No para préstamo Colección Ubicación Permanente Ubicación actual Fecha de adquisición Datos de publicación Seriada Total Checkouts Número topográfico Inventario / Código de Barras Date last seen Ejemplar Price effective from Forma de adquisición Tipo de material
      No para Préstamo Hemeroteca Bogotá Bogotá 27/02/2015 Fuera de circulación   AR 03976 017520 25/03/2015 1 25/03/2015   Artículo